| 000 | 00570nam a2200181Ia 4500 | ||
|---|---|---|---|
| 999 |
_c22584 _d22584 |
||
| 003 | OSt | ||
| 005 | 20200515090742.0 | ||
| 008 | 190216s9999||||xx |||||||||||||| ||und|| | ||
| 020 | _a8172313993 | ||
| 040 | _coclc | ||
| 082 |
_a297.0922 _bKHA/M |
||
| 100 |
_aKhalid, Khalid Muhammed _92240 |
||
| 245 | 0 |
_aMen Around The Messenger / _c Khalid Muhammed Khalid |
|
| 260 |
_bIslamic Book Service, _aNew Delhi: _c2002. |
||
| 300 | _a549p | ||
| 650 | 0 |
_aHistory & geography _vIslamic History _92271 |
|
| 942 |
_cBK _2ddc _h297.0922 _iKHA/M _k297.0922 _mKHA/M |
||